000 00692nam a2200229 i 4500
001 C2-0098305
003 PPAK
005 20180727094426.0
008 970526s19 ph a|||| ||||| | eng d
040 _aPPAK
_beng
_cPPAK
_erda
082 0 4 _a915.991
_223
090 0 0 _a915.991
_bMAN
_dKIH
245 0 0 _aManila guide
264 1 _aManila :
_bKalayaan Publishing Co. ,
_c[19?]
300 _a[n.p.] :
_billustrations ;
_c20 cm
336 _2rdacontent
_atext
337 _2rdamedia
_aunmediated
338 _2rdacarrier
_avolume
500 _aMonthly ; Description based on : Vol. vii, No. 5, May 1973 ; Library has : May 1973
650 1 0 _aManila - Description and travel
942 _ddc
_cB
999 _c21795
_d21795